Die Rolle Österreichs im Rahmen der Osterweiterung der Europäischen Union (Record no. 5625)
[ view plain ]
| 000 -LEADER | |
|---|---|
| fixed length control field | 00507nas a22001817i 4500 |
| 001 - CONTROL NUMBER | |
| control field | 5920 |
| 003 - CONTROL NUMBER IDENTIFIER | |
| control field | OSt |
| 005 - DATE AND TIME OF LATEST TRANSACTION | |
| control field | 20170216211003.0 |
| 007 - PHYSICAL DESCRIPTION FIXED FIELD--GENERAL INFORMATION | |
| fixed length control field | tu |
| 008 - FIXED-LENGTH DATA ELEMENTS--GENERAL INFORMATION | |
| fixed length control field | 161220s1996 xxu||||| |||| 00| 0 d |
| 024 7# - OTHER STANDARD IDENTIFIER | |
| Standard number or code | 5920 |
| Source of number or code | RID |
| 024 7# - OTHER STANDARD IDENTIFIER | |
| Standard number or code | 5920 |
| Source of number or code | RSN (alt) |
| 040 ## - CATALOGING SOURCE | |
| Transcribing agency | OSt |
| 100 1# - MAIN ENTRY--PERSONAL NAME | |
| Personal name | Schopf, Günter |
| Relator term | Ed. |
| 245 00 - TITLE STATEMENT | |
| Title | Die Rolle Österreichs im Rahmen der Osterweiterung der Europäischen Union |
| 260 ## - PUBLICATION, DISTRIBUTION, ETC. | |
| Place of publication, distribution, etc. | Wien : |
| Name of publisher, distributor, etc. | IDM, |
| Date of publication, distribution, etc. | 1996. |
| 490 ## - SERIES STATEMENT | |
| Series statement | IDM - Studien des Institutes für den Donauraum und Mitteleuropa |
| Volume/sequential designation | Februar |
| 942 ## - ADDED ENTRY ELEMENTS (KOHA) | |
| Koha item type | Paper |
| Withdrawn status | Lost status | Damaged status | Not for loan | Home library | Current library | Shelving location | Date acquired | Inventory number | Total Checkouts | Barcode | Date last seen | Price effective from | Koha item type |
|---|---|---|---|---|---|---|---|---|---|---|---|---|---|
| WIIW | WIIW | Library | 08/04/2004 | 5920 | 10001370 | 01/26/2017 | 01/26/2017 | Paper |
